[Event "20MCR_F"]
[Site "?"]
[Date "????.??.??"]
[Round "?"]
[White "Sykora, Josef"]
[Black "Storkan, Zdenek"]
[Result "0-1"]
[WhiteElo "2352"]
[BlackElo "2311"]
[PlyCount "62"]
[EventDate "2008.??.??"]
[EventType "corr"]
[SourceDate "2008.05.08"]

1. e4 c5 2. b3 Nc6 3. Bb2 d6 4. g3 Nf6 5. Bg2 e5 6. Ne2 Be7 7. O-O h5 8. h4 Bg4
9. f3 Be6 10. c4 Rg8 11. Nbc3 g5 12. hxg5 Rxg5 13. Nd5 h4 14. g4 Qd7 15. Kf2
O-O-O 16. Rh1 Nxg4+ 17. fxg4 Bxg4 18. Qf1 Rf8 19. Ke1 f5 20. Rh2 fxe4 21. Qh1
Nd4 22. Bxd4 exd4 23. Rxh4 Bf3 24. Bxf3 exf3 25. Nef4 Rxd5 26. Nxd5 Bxh4+ 27.
Qxh4 f2+ 28. Kf1 Qg7 29. Qh3+ Kb8 30. Qh2 Ka8 31. Rc1 a6 0-1

[Event "20MCR_F"]
[Site "?"]
[Date "????.??.??"]
[Round "?"]
[White "Storkan, Zdenek"]
[Black "Boukal, Petr"]
[Result "0-1"]
[WhiteElo "2311"]
[BlackElo "2416"]
[PlyCount "28"]
[EventDate "2008.??.??"]
[EventType "corr"]
[SourceDate "2008.05.08"]

1. c4 e5 2. Nc3 d6 3. g3 Nc6 4. Bg2 Be6 5. d3 Qd7 6. Nd5 Nd8 7. Nf3 c6 8. Ne3
Be7 9. d4 e4 10. d5 exf3 11. dxe6 Nxe6 12. exf3 Nh6 13. O-O O-O 14. b4 Bf6 0-1

[Event "20MCR_F"]
[Site "?"]
[Date "????.??.??"]
[Round "?"]
[White "Storkan, Zdenek"]
[Black "Nejtek, Jiri"]
[Result "0-1"]
[WhiteElo "2311"]
[BlackElo "2374"]
[PlyCount "62"]
[EventDate "2008.??.??"]
[EventType "corr"]
[SourceDate "2008.05.08"]

1. c4 Nf6 2. g3 e5 3. Bg2 d5 4. cxd5 Nxd5 5. Nc3 Nb6 6. Nf3 Nc6 7. O-O Be7 8.
a3 a5 9. d3 O-O 10. Be3 Be6 11. Rc1 f5 12. Na4 Bd5 13. Nc3 Bf7 14. Qc2 Nd4 15.
Bxd4 exd4 16. Na4 c6 17. Nc5 Ra7 18. e3 dxe3 19. fxe3 g6 20. Ne5 Bf6 21. d4
Bxe5 22. dxe5 Qe7 23. e4 Bc4 24. Nd3 Rd8 25. Rfd1 fxe4 26. Bxe4 Raa8 27. Qf2
Qc7 28. Qc5 Bxd3 29. Rxd3 Rxd3 30. Bxd3 Re8 31. Qxa5 Rxe5 0-1

[Event "20MCR_F"]
[Site "?"]
[Date "????.??.??"]
[Round "?"]
[White "Kuta, Jiri"]
[Black "Storkan, Zdenek"]
[Result "1-0"]
[WhiteElo "2360"]
[BlackElo "2311"]
[PlyCount "51"]
[EventDate "2008.??.??"]
[EventType "corr"]
[SourceDate "2008.05.08"]

1. e4 c5 2. Nf3 b6 3. d4 cxd4 4. Nxd4 Bb7 5. Nc3 a6 6. Be3 e6 7. Qd2 Qc7 8. f3
Nf6 9. g4 h6 10. O-O-O Bb4 11. Bf4 Qc8 12. h4 Nc6 13. a3 Bxc3 14. Qxc3 d5 15.
e5 Nd7 16. Kb1 Nxd4 17. Qxd4 Qc5 18. Qd2 Qc7 19. Re1 O-O-O 20. Rh3 Kb8 21. h5
Ka7 22. Bh2 Nc5 23. Bg1 Qe7 24. Bd4 Rc8 25. Be2 Bc6 26. Bc3 1-0

[Event "20MCR_F"]
[Site "?"]
[Date "????.??.??"]
[Round "?"]
[White "Storkan, Zdenek"]
[Black "Alexa, Jaroslav"]
[Result "0-1"]
[WhiteElo "2311"]
[BlackElo "2353"]
[PlyCount "60"]
[EventDate "2008.??.??"]
[EventType "corr"]
[SourceDate "2008.05.08"]

1. c4 c6 2. Nf3 d5 3. d4 e6 4. Nc3 dxc4 5. a4 Bb4 6. e3 b5 7. Bd2 a5 8. axb5
Bxc3 9. Bxc3 cxb5 10. b3 Bb7 11. bxc4 b4 12. Bb2 Nf6 13. Bd3 Nbd7 14. O-O O-O
15. Nd2 e5 16. Bc2 Qc7 17. d5 Rfe8 18. Ba4 Re7 19. f4 exf4 20. exf4 Ne4 21.
Nxe4 Rxe4 22. Qg4 Nf6 23. Bxf6 Qb6+ 24. Kh1 Qxf6 25. Rae1 Re7 26. Qg5 Rc7 27.
Qxf6 gxf6 28. d6 Rxc4 29. d7 Be4 30. f5 Rf8 0-1

[Event "20MCR_F"]
[Site "?"]
[Date "????.??.??"]
[Round "?"]
[White "Storkan, Zdenek"]
[Black "Hladecek, Miloslav"]
[Result "0-1"]
[WhiteElo "2311"]
[BlackElo "2342"]
[PlyCount "40"]
[EventDate "2008.??.??"]
[EventType "corr"]
[SourceDate "2008.05.08"]

1. c4 e5 2. g3 d5 3. cxd5 Nf6 4. Bg2 Nxd5 5. Nc3 Nb6 6. Nf3 Nc6 7. O-O Be7 8.
a3 O-O 9. d3 Be6 10. b4 a5 11. b5 Nd4 12. Nd2 c6 13. bxc6 Nxc6 14. Rb1 Rc8 15.
Nf3 Nd4 16. Bd2 Bxa3 17. Nxd4 exd4 18. Nb5 Bc5 19. Bxa5 Bd5 20. Bxd5 Qxd5 0-1

[Event "20MCR_F"]
[Site "?"]
[Date "????.??.??"]
[Round "?"]
[White "Mateka, Petr"]
[Black "Storkan, Zdenek"]
[Result "1-0"]
[WhiteElo "2330"]
[BlackElo "2311"]
[PlyCount "51"]
[EventDate "2008.??.??"]
[EventType "corr"]
[SourceDate "2008.05.08"]

1. e4 c5 2. Nf3 b6 3. d4 cxd4 4. Nxd4 Bb7 5. Nc3 a6 6. Be3 e6 7. Bd3 Qc7 8. O-O
Nf6 9. f4 d6 10. Qf3 Nbd7 11. Rad1 Be7 12. a4 h5 13. Nb3 O-O 14. Bc1 Rfe8 15.
Kh1 Bc6 16. Qh3 Bb7 17. Be3 Ng4 18. Bd4 Bf6 19. Rde1 Bxd4 20. Nxd4 Ngf6 21. Nb3
Rad8 22. Qg3 Rc8 23. Re2 Rcd8 24. Nd2 Re7 25. Qg5 e5 26. Nf3 1-0

[Event "20MCR_F"]
[Site "?"]
[Date "????.??.??"]
[Round "?"]
[White "Storkan, Zdenek"]
[Black "Nedoma, Petr"]
[Result "0-1"]
[WhiteElo "2311"]
[BlackElo "2323"]
[PlyCount "58"]
[EventDate "2008.??.??"]
[EventType "corr"]
[SourceDate "2008.05.08"]

1. c4 e5 2. g3 Nf6 3. Bg2 Bc5 4. Nf3 e4 5. Nh4 d5 6. Nc3 dxc4 7. Qa4+ Nc6 8.
Qxc4 Be7 9. Nxe4 O-O 10. Nc3 Nd4 11. O-O Be6 12. Qa4 b5 13. Qd1 b4 14. e3 bxc3
15. exd4 cxb2 16. Bxb2 Rb8 17. Bc3 Re8 18. Re1 Qd6 19. Nf3 Bd5 20. Ne5 Rb6 21.
Bf1 Bf8 22. Nc4 Bxc4 23. Bxc4 Rxe1+ 24. Qxe1 Qd7 25. Qe5 Rb8 26. Qf4 Re8 27.
Rb1 c6 28. Qf3 Nd5 29. a4 Re6 0-1

[Event "20MCR_F"]
[Site "?"]
[Date "????.??.??"]
[Round "?"]
[White "Hybl, Vladislav"]
[Black "Storkan, Zdenek"]
[Result "1-0"]
[WhiteElo "2315"]
[BlackElo "2311"]
[PlyCount "41"]
[EventDate "2008.??.??"]
[EventType "corr"]
[SourceDate "2008.05.08"]

1. e4 c5 2. Nf3 b6 3. d4 cxd4 4. Nxd4 Bb7 5. Nc3 a6 6. Bd3 g6 7. f4 Bg7 8. Nf3
d6 9. O-O Nd7 10. Qe1 Qc7 11. Be3 Ngf6 12. Qh4 b5 13. a3 h6 14. Rae1 Rd8 15.
Bd4 e5 16. Be3 Nc5 17. h3 exf4 18. Qxf4 O-O 19. Qh4 g5 20. Qf2 Rde8 21. Bd4 1-0

[Event "20MCR_F"]
[Site "?"]
[Date "????.??.??"]
[Round "?"]
[White "Popelka, Miloslav"]
[Black "Storkan, Zdenek"]
[Result "1-0"]
[WhiteElo "2161"]
[BlackElo "2311"]
[PlyCount "86"]
[EventDate "2008.??.??"]
[EventType "corr"]
[SourceDate "2008.05.08"]

1. e4 c5 2. Nf3 b6 3. d4 cxd4 4. Nxd4 Bb7 5. Nc3 a6 6. Be3 e6 7. Qd2 Qc7 8. f3
Nf6 9. O-O-O Nc6 10. g4 Nxd4 11. Bxd4 h6 12. e5 Nd5 13. Ne4 Be7 14. Rg1 f6 15.
f4 Rf8 16. Rg3 Bb4 17. c3 Be7 18. Bg2 O-O-O 19. Kb1 d6 20. exf6 Nxf6 21. Nxf6
Bxf6 22. Bg1 b5 23. Rd3 e5 24. Be3 Be7 25. Bd5 Bxd5 26. Rxd5 Qc6 27. Qg2 Kc7
28. Qe4 Qc4 29. Qc2 Qc6 30. f5 Kb8 31. h3 Rc8 32. Qg2 Rc7 33. Qd2 Rb7 34. Ka1
Rc8 35. h4 Qc4 36. g5 hxg5 37. hxg5 b4 38. cxb4 Qxb4 39. f6 Qxd2 40. R5xd2 gxf6
41. gxf6 Bf8 42. Kb1 Rf7 43. Bg5 Rc4 1-0

[Event "20MCR_F"]
[Site "?"]
[Date "????.??.??"]
[Round "?"]
[White "Nejtek, Jiri"]
[Black "Zahour, Jiri"]
[Result "1/2-1/2"]
[WhiteElo "2374"]
[BlackElo "2310"]
[PlyCount "86"]
[EventDate "2008.??.??"]
[EventType "corr"]
[SourceDate "2008.05.08"]

1. e4 c5 2. c3 Nf6 3. e5 Nd5 4. d4 cxd4 5. Nf3 Nc6 6. Bc4 Nb6 7. Bb3 d5 8. exd6
Qxd6 9. O-O Be6 10. Bxe6 Qxe6 11. Nxd4 Nxd4 12. Qxd4 Rd8 13. Qh4 Qe2 14. Nd2 e5
15. Ne4 Rd1 16. Ng3 Rxf1+ 17. Nxf1 Be7 18. Qg3 O-O 19. Qe3 Qxe3 20. Bxe3 Na4
21. Rc1 Rd8 22. b3 Nc5 23. g4 f6 24. Ng3 g6 25. h4 Kf7 26. Kf1 Ke6 27. Ke2 f5
28. Rg1 Rf8 29. gxf5+ gxf5 30. Bxc5 Bxc5 31. Nh5 e4 32. Rg7 Rf7 33. Nf4+ Kf6
34. Nh5+ Ke7 35. Rg5 Ke6 36. Ng7+ Ke5 37. f4+ exf3+ 38. Kxf3 Be7 39. Rg2 Bxh4
40. Re2+ Kd6 41. Rd2+ Ke7 42. Nh5 Bg5 43. Nf4 Bxf4 1/2-1/2

[Event "20MCR_F"]
[Site "?"]
[Date "????.??.??"]
[Round "?"]
[White "Kuta, Jiri"]
[Black "Nedoma, Petr"]
[Result "1/2-1/2"]
[WhiteElo "2360"]
[BlackElo "2323"]
[PlyCount "77"]
[EventDate "2008.??.??"]
[EventType "corr"]
[SourceDate "2008.05.08"]

1. e4 e5 2. Nf3 d6 3. d4 exd4 4. Nxd4 a6 5. Bc4 Nf6 6. Nc3 Be7 7. O-O O-O 8. a4
Nxe4 9. Nxe4 d5 10. Bd3 dxe4 11. Bxe4 Nd7 12. c3 Nf6 13. Bf3 c5 14. Ne2 Bg4 15.
Bxg4 Nxg4 16. Ng3 Ne5 17. Qe2 Nd3 18. Rd1 Nxc1 19. Raxc1 Qc7 20. Nf5 Bf6 21.
Rd5 Rad8 22. Rcd1 Rfe8 23. Rxd8 Rxd8 24. g3 g6 25. Rd6 Bxc3 26. Rxd8+ Qxd8 27.
Nh6+ Kg7 28. Nxf7 Qd2 29. Qxd2 Bxd2 30. Nd6 Bb4 31. Nxb7 Kf6 32. Nd8 Ke5 33.
Kf1 Kd5 34. Ke2 c4 35. Nf7 Be7 36. Kd1 Bc5 37. Ng5 h6 38. Nf7 Bxf2 39. Nxh6
1/2-1/2

[Event "20MCR_F"]
[Site "?"]
[Date "????.??.??"]
[Round "?"]
[White "Laurenc, Petr"]
[Black "Hladecek, Miloslav"]
[Result "1/2-1/2"]
[WhiteElo "2414"]
[BlackElo "2342"]
[PlyCount "66"]
[EventDate "2008.??.??"]
[EventType "corr"]
[SourceDate "2008.05.08"]

1. d4 Nf6 2. c4 e6 3. Nc3 Bb4 4. e3 O-O 5. Bd3 d5 6. Nf3 c5 7. O-O Nc6 8. a3
Bxc3 9. bxc3 Qc7 10. cxd5 exd5 11. a4 Re8 12. Ba3 c4 13. Bc2 Ne4 14. Bxe4 Rxe4
15. Nd2 Rh4 16. g3 Rh6 17. e4 Be6 18. Re1 Qd7 19. Re3 f5 20. e5 f4 21. gxf4 Ne7
22. Bxe7 Qxe7 23. Nf1 Rf8 24. Rg3 Rh4 25. Ne3 Rhxf4 26. Ra2 Qf7 27. Qd2 Qc7 28.
Ng2 R4f7 29. Qc1 Kh8 30. Ne3 Rf4 31. a5 Qf7 32. Qf1 Qd7 33. Rb2 Qf7 1/2-1/2

[Event "20MCR_F"]
[Site "?"]
[Date "????.??.??"]
[Round "?"]
[White "Hladecek, Miloslav"]
[Black "Pravec, Ladislav"]
[Result "1/2-1/2"]
[WhiteElo "2342"]
[BlackElo "2363"]
[PlyCount "69"]
[EventDate "2008.??.??"]
[EventType "corr"]
[SourceDate "2008.05.08"]

1. e4 c5 2. Nf3 d6 3. Nc3 e5 4. Bc4 Nc6 5. d3 Be7 6. O-O Nf6 7. Nd5 O-O 8. c3
Be6 9. a3 Na5 10. Nxf6+ Bxf6 11. Bxe6 fxe6 12. b4 Nc6 13. bxc5 dxc5 14. Be3 b6
15. Qa4 Na5 16. Rfd1 Qe8 17. Qxe8 Raxe8 18. Kf1 Rd8 19. Ke2 c4 20. a4 Rxd3 21.
Rxd3 cxd3+ 22. Kxd3 Rd8+ 23. Kc2 Kf7 24. g4 g6 25. g5 Bg7 26. Rd1 Rxd1 27. Kxd1
Nc4 28. Ke2 Nb2 29. Kd2 Nxa4 30. Kc2 a6 31. Kb3 b5 32. Ne1 Bf8 33. Nd3 Ke8 34.
c4 Bd6 35. c5 1/2-1/2

[Event "20MCR_F"]
[Site "?"]
[Date "????.??.??"]
[Round "?"]
[White "Popelka, Miloslav"]
[Black "Pravec, Ladislav"]
[Result "1-0"]
[WhiteElo "2161"]
[BlackElo "2363"]
[PlyCount "83"]
[EventDate "2008.??.??"]
[EventType "corr"]
[SourceDate "2008.05.08"]

1. e4 c5 2. Nf3 d6 3. d4 cxd4 4. Nxd4 Nf6 5. Nc3 a6 6. Be3 g6 7. f3 Bg7 8. Qd2
Nbd7 9. O-O-O b5 10. g4 Bb7 11. h4 h5 12. g5 Nh7 13. Nb3 O-O 14. Bd4 Ne5 15.
Be2 Re8 16. Qe1 Rc8 17. f4 Nc4 18. Bxg7 Kxg7 19. f5 Ne3 20. Rd4 gxf5 21. Bxh5
Nxc2 22. Kxc2 e5 23. Rb4 a5 24. Rxb5 Bxe4+ 25. Kd1 Bxh1 26. Qxh1 Rh8 27. Bxf7
Kxf7 28. Qd5+ Kg6 29. Rb7 Rc7 30. Qe6+ Kh5 31. Qh6+ Kg4 32. Rxc7 Qxc7 33. g6
Qe7 34. gxh7 Qxh7 35. Qg5+ Kh3 36. Ne2 Rg8 37. Ng1+ Kh2 38. Nf3+ Kh3 39. h5 Qg7
40. Qh4+ Kg2 41. Ne1+ Kg1 42. Nc1 1-0

[Event "20MCR_F"]
[Site "?"]
[Date "????.??.??"]
[Round "?"]
[White "Alexa, Jaroslav"]
[Black "Pravec, Ladislav"]
[Result "1-0"]
[WhiteElo "2353"]
[BlackElo "2363"]
[PlyCount "55"]
[EventDate "2008.??.??"]
[EventType "corr"]
[SourceDate "2008.05.08"]

1. e4 c5 2. Nf3 d6 3. d4 cxd4 4. Nxd4 Nf6 5. Nc3 a6 6. Be3 e5 7. Nb3 Be7 8. Qd2
Ng4 9. g3 Nxe3 10. Qxe3 Be6 11. O-O-O Nd7 12. f4 b5 13. Kb1 Qb6 14. Qf3 b4 15.
Nd5 Bxd5 16. exd5 O-O 17. Bh3 Rad8 18. Rhe1 Bf6 19. Bxd7 Rxd7 20. Nd2 exf4 21.
Qxf4 Re7 22. Nc4 Rxe1 23. Rxe1 Qc5 24. Nxd6 Bxb2 25. Ne4 Qd4 26. Qe3 f5 27. Nd6
f4 28. Qe6+ 1-0

[Event "20MCR_F"]
[Site "?"]
[Date "????.??.??"]
[Round "?"]
[White "Zahour, Jiri"]
[Black "Popelka, Miloslav"]
[Result "1/2-1/2"]
[WhiteElo "2310"]
[BlackElo "2161"]
[PlyCount "97"]
[EventDate "2008.??.??"]
[EventType "corr"]
[SourceDate "2008.05.08"]

1. e4 c5 2. Nf3 d6 3. d4 cxd4 4. Nxd4 Nf6 5. Nc3 a6 6. Be2 e5 7. Nb3 Be7 8. Bg5
Nbd7 9. a4 b6 10. O-O Bb7 11. f3 Qc7 12. Qd3 Rc8 13. Be3 O-O 14. Rfd1 Rfd8 15.
Bf2 Nh5 16. g3 Nhf6 17. Qe3 h6 18. Bd3 Ra8 19. Bf1 Qc6 20. Rd2 Rac8 21. Rad1
Nc5 22. Nxc5 dxc5 23. Bc4 Rxd2 24. Rxd2 Qe8 25. Qe2 a5 26. g4 Rd8 27. h4 Rxd2
28. Qxd2 Qd8 29. Qxd8+ Bxd8 30. Bg3 Bc7 31. h5 Kf8 32. Nb5 Bb8 33. Bh4 Bc6 34.
Bxf6 gxf6 35. Nc3 Bc7 36. Bb5 Bb7 37. Nd1 Bc8 38. Kf1 Be6 39. Ne3 Bd6 40. Ke2
Be7 41. Kd3 Bd8 42. Nf5 Bxf5 43. exf5 Ke7 44. Ke4 Kd6 45. Bc4 Be7 46. Bxf7 Bd8
47. Bc4 Be7 48. b3 Bd8 49. Ke3 1/2-1/2

[Event "20MCR_F"]
[Site "?"]
[Date "????.??.??"]
[Round "?"]
[White "Kuta, Jiri"]
[Black "Hladecek, Miloslav"]
[Result "1/2-1/2"]
[WhiteElo "2360"]
[BlackElo "2342"]
[PlyCount "62"]
[EventDate "2008.??.??"]
[EventType "corr"]
[SourceDate "2008.05.08"]

1. e4 e5 2. Nf3 Nc6 3. Bb5 a6 4. Ba4 Nf6 5. O-O Be7 6. Re1 b5 7. Bb3 d6 8. h3
Na5 9. d3 O-O 10. Nbd2 Re8 11. Nf1 Bb7 12. Ng3 Bf8 13. Bd2 Nxb3 14. axb3 d5 15.
Qe2 Qd6 16. c4 dxc4 17. dxc4 b4 18. Bg5 Nd7 19. Red1 Qc6 20. Rd5 Nc5 21. Qc2
Qb6 22. Rc1 Bxd5 23. cxd5 Qb5 24. Be3 Nb7 25. Qd1 Rac8 26. Rc6 Nd8 27. Ng5 Nxc6
28. Qh5 h6 29. Nxf7 Nd4 30. Bxd4 exd4 31. Qg6 Qb6 1/2-1/2

[Event "20MCR_F"]
[Site "?"]
[Date "????.??.??"]
[Round "?"]
[White "Nedoma, Petr"]
[Black "Alexa, Jaroslav"]
[Result "1/2-1/2"]
[WhiteElo "2323"]
[BlackElo "2353"]
[PlyCount "56"]
[EventDate "2008.??.??"]
[EventType "corr"]
[SourceDate "2008.05.08"]

1. e4 c5 2. Nf3 Nc6 3. d4 cxd4 4. Nxd4 Nf6 5. Nc3 e5 6. Ndb5 d6 7. Bg5 a6 8.
Na3 b5 9. Nd5 Be7 10. Bxf6 Bxf6 11. c3 Bg5 12. Nc2 Ne7 13. a4 bxa4 14. Bc4 Rb8
15. h4 Bxh4 16. Rxh4 Nxd5 17. Qxd5 Qxh4 18. Qxd6 Rxb2 19. O-O-O Rb7 20. Qxe5+
Qe7 21. Qxg7 Rf8 22. Bxa6 Rc7 23. Bb5+ Bd7 24. Rxd7 Rxd7 25. Bxa4 f5 26. Qd4
fxe4 27. Nb4 Qg5+ 28. Kb2 Qe7 1/2-1/2

[Event "20MCR_F"]
[Site "?"]
[Date "????.??.??"]
[Round "?"]
[White "Pravec, Ladislav"]
[Black "Kuta, Jiri"]
[Result "0-1"]
[WhiteElo "2363"]
[BlackElo "2360"]
[PlyCount "72"]
[EventDate "2008.??.??"]
[EventType "corr"]
[SourceDate "2008.05.08"]

1. d4 Nf6 2. c4 g6 3. Nc3 Bg7 4. e4 d6 5. Be2 O-O 6. Nf3 e5 7. O-O Nc6 8. d5
Ne7 9. Ne1 Nd7 10. f3 f5 11. Be3 f4 12. Bf2 g5 13. a4 a5 14. Nd3 b6 15. b4 axb4
16. Nxb4 Nf6 17. Nd3 h5 18. Nb5 g4 19. Kh1 Ng6 20. Be1 g3 21. hxg3 fxg3 22.
Bxg3 h4 23. Bh2 Nh5 24. Re1 Ng3+ 25. Kg1 Qg5 26. Ra2 Rf7 27. Qc2 Nf4 28. Nxf4
exf4 29. Qd2 Be5 30. Bf1 Rg7 31. Rd1 h3 32. Bxg3 Qxg3 33. Qf2 Qg5 34. Nd4 hxg2
35. Bxg2 Bxd4 36. Qxd4 Bh3 0-1

[Event "20MCR_F"]
[Site "?"]
[Date "????.??.??"]
[Round "?"]
[White "Kuta, Jiri"]
[Black "Alexa, Jaroslav"]
[Result "1/2-1/2"]
[WhiteElo "2360"]
[BlackElo "2353"]
[PlyCount "80"]
[EventDate "2008.??.??"]
[EventType "corr"]
[SourceDate "2008.05.08"]

1. e4 c5 2. Nf3 d6 3. d4 cxd4 4. Nxd4 Nf6 5. Nc3 a6 6. Be3 Ng4 7. Bg5 h6 8. Bh4
g5 9. Bg3 Bg7 10. h3 Ne5 11. Nf5 Bxf5 12. exf5 Nbc6 13. Nd5 e6 14. fxe6 fxe6
15. Ne3 O-O 16. Be2 d5 17. O-O Ng6 18. c3 Nf4 19. Bg4 Qf6 20. Nc2 Rad8 21. Bxf4
gxf4 22. Nd4 Nxd4 23. cxd4 Rd6 24. Re1 f3 25. g3 Qf7 26. h4 Qg6 27. Bh3 Rc6 28.
Kf1 Re8 29. Rc1 Rxc1 30. Qxc1 Bxd4 31. Bxe6+ Kh7 32. Qc7+ Kh8 33. Qf7 Qxf7 34.
Bxf7 Rc8 35. Re8+ Rxe8 36. Bxe8 Bxb2 37. Bh5 d4 38. Bxf3 b5 39. Ke2 Ba3 40. Kd3
Bc5 1/2-1/2

[Event "20MCR_F"]
[Site "?"]
[Date "????.??.??"]
[Round "?"]
[White "Sykora, Josef"]
[Black "Kuta, Jiri"]
[Result "1/2-1/2"]
[WhiteElo "2352"]
[BlackElo "2360"]
[PlyCount "100"]
[EventDate "2008.??.??"]
[EventType "corr"]
[SourceDate "2008.05.08"]

1. e4 e5 2. Nf3 Nc6 3. Bb5 a6 4. Ba4 Nf6 5. O-O Be7 6. Re1 b5 7. Bb3 O-O 8. c3
d6 9. h3 Na5 10. Bc2 d5 11. exd5 e4 12. Bxe4 Nxe4 13. Rxe4 Bb7 14. Re1 Re8 15.
d4 Bd6 16. Rxe8+ Qxe8 17. Nbd2 Bxd5 18. b3 Rd8 19. Nf1 Qd7 20. Ne3 Be4 21. Bb2
c5 22. Qe2 c4 23. Nd2 Bd3 24. Qf3 Re8 25. g3 h6 26. h4 Bh7 27. Re1 Bf5 28. Kh2
Bf8 29. Qd1 Bh7 30. Ng2 Rxe1 31. Qxe1 cxb3 32. axb3 Qf5 33. Ne3 Qd3 34. b4 Nc6
35. Qd1 a5 36. bxa5 Nxa5 37. Kg1 g5 38. h5 f6 39. Ndf1 Qxd1 40. Nxd1 Nc4 41. f3
Nb6 42. Bc1 Kf7 43. Kf2 Ke6 44. g4 Nd5 45. Ng3 Bc2 46. Ne3 Nxe3 47. Kxe3 Kd5
48. Ne4 Be7 49. Bd2 Ke6 50. Ke2 f5 1/2-1/2

[Event "20MCR_F"]
[Site "?"]
[Date "????.??.??"]
[Round "?"]
[White "Sykora, Josef"]
[Black "Laurenc, Petr"]
[Result "1/2-1/2"]
[WhiteElo "2352"]
[BlackElo "2414"]
[PlyCount "110"]
[EventDate "2008.??.??"]
[EventType "corr"]
[SourceDate "2008.05.08"]

1. e4 e5 2. Nf3 Nc6 3. Bb5 a6 4. Ba4 Nf6 5. O-O Be7 6. Re1 b5 7. Bb3 d6 8. c3
O-O 9. h3 Na5 10. Bc2 c5 11. d4 Qc7 12. Nbd2 cxd4 13. cxd4 Nc6 14. Nb3 a5 15.
Be3 a4 16. Nbd2 Bd7 17. Rc1 Rac8 18. Nf1 Qb7 19. Ng3 Rc7 20. Bb1 Rfc8 21. Qd2
exd4 22. Nxd4 Nxd4 23. Bxd4 Rxc1 24. Rxc1 Rxc1+ 25. Qxc1 d5 26. e5 Ne4 27. Qc2
f5 28. Ne2 g6 29. f3 Ng5 30. Nf4 Ne6 31. Nxe6 Bxe6 32. Kf2 Qc8 33. Qxc8+ Bxc8
34. Bd3 Bd7 35. e6 Bxe6 36. Bxb5 a3 37. Ke2 Kf7 38. Kd3 Bc8 39. bxa3 Bxa3 40.
Kc3 Ke6 41. Kb3 Bc1 42. a4 Bd2 43. Kc2 Be1 44. Bc3 Bf2 45. a5 Kd6 46. Bb4+ Kc7
47. Kd3 f4 48. Bd2 Kd6 49. Ke2 Kc5 50. Bd3 Bg3 51. Bc3 Bh4 52. a6 Bd8 53. Kd2
Kb6 54. Bd4+ Ka5 55. a7 Bb7 1/2-1/2

[Event "20MCR_F"]
[Site "?"]
[Date "????.??.??"]
[Round "?"]
[White "Zahour, Jiri"]
[Black "Mateka, Petr"]
[Result "1/2-1/2"]
[WhiteElo "2310"]
[BlackElo "2330"]
[PlyCount "113"]
[EventDate "2008.??.??"]
[EventType "corr"]
[SourceDate "2008.05.08"]

1. e4 e5 2. Nf3 Nc6 3. d4 exd4 4. Nxd4 Bc5 5. Nxc6 Qf6 6. Qf3 dxc6 7. Nc3 Be6
8. Be3 Bb4 9. Qxf6 Nxf6 10. f3 Nd7 11. a3 Bxc3+ 12. bxc3 Ne5 13. f4 Nc4 14. Bf2
f6 15. f5 Bf7 16. Bxc4 Bxc4 17. O-O-O O-O 18. Rd7 Rf7 19. Rhd1 Re8 20. Bc5 Rxd7
21. Rxd7 b6 22. Be7 Bf1 23. g3 Bg2 24. e5 fxe5 25. Rxc7 Be4 26. g4 h5 27. h3 a5
28. Bd6 h4 29. c4 c5 30. Kb2 Kh8 31. Kc3 Kg8 32. Kb3 Kh8 33. Ka4 Bxc2+ 34. Kb5
Bd3 35. Be7 Bf1 36. Bxh4 Bxh3 37. Kxb6 Bxg4 38. Rxc5 Bxf5 39. Kxa5 Bd3 40. Kb4
e4 41. a4 e3 42. a5 e2 43. Be1 Re6 44. Kb3 Bg6 45. Rb5 Kh7 46. Rb6 Re7 47. a6
Ra7 48. c5 Bf5 49. Kc4 Bc8 50. Kb5 Bf5 51. Rd6 Ra8 52. Ka5 Bg4 53. Bg3 Bf5 54.
c6 Bc8 55. c7 Ra7 56. Rc6 g6 57. Kb5 1/2-1/2

[Event "20MCR_F"]
[Site "?"]
[Date "????.??.??"]
[Round "?"]
[White "Popelka, Miloslav"]
[Black "Alexa, Jaroslav"]
[Result "1/2-1/2"]
[WhiteElo "2161"]
[BlackElo "2353"]
[PlyCount "56"]
[EventDate "2008.??.??"]
[EventType "corr"]
[SourceDate "2008.05.08"]

1. e4 c5 2. Nf3 Nc6 3. d4 cxd4 4. Nxd4 Nf6 5. Nc3 e5 6. Ndb5 d6 7. Bg5 a6 8.
Na3 b5 9. Bxf6 gxf6 10. Nd5 f5 11. c3 Bg7 12. exf5 Bxf5 13. Nc2 O-O 14. Nce3
Be6 15. Bd3 f5 16. Qh5 e4 17. Bc2 Ne7 18. Rd1 b4 19. cxb4 Nxd5 20. Nxd5 a5 21.
O-O axb4 22. Bb3 Kh8 23. Qe2 Bf7 24. g3 Qa5 25. Qd2 Be5 26. Rfe1 Qc5 27. Rc1
Qd4 28. Re2 Bxd5 1/2-1/2

[Event "20MCR_F"]
[Site "?"]
[Date "????.??.??"]
[Round "?"]
[White "Nejtek, Jiri"]
[Black "Hybl, Vladislav"]
[Result "1/2-1/2"]
[WhiteElo "2374"]
[BlackElo "2315"]
[PlyCount "59"]
[EventDate "2008.??.??"]
[EventType "corr"]
[SourceDate "2008.05.08"]

1. e4 e6 2. d4 d5 3. Nc3 Nf6 4. e5 Nfd7 5. f4 c5 6. Nf3 Nc6 7. Be3 cxd4 8. Nxd4
Bc5 9. Qd2 O-O 10. O-O-O a6 11. Qf2 Bxd4 12. Bxd4 b5 13. Be3 b4 14. Na4 a5 15.
g4 Ba6 16. h4 Bxf1 17. Rhxf1 Qb8 18. h5 Qb5 19. b3 Rac8 20. h6 g6 21. Rfe1 Rfe8
22. Kb1 f6 23. exf6 Nxf6 24. Qg2 Ne4 25. f5 Re7 26. Ka1 Qb8 27. Bc5 Qe5+ 28.
Kb1 Rf7 29. fxg6 hxg6 30. Bd6 1/2-1/2

[Event "20MCR_F"]
[Site "?"]
[Date "????.??.??"]
[Round "?"]
[White "Hladecek, Miloslav"]
[Black "Alexa, Jaroslav"]
[Result "1/2-1/2"]
[WhiteElo "2342"]
[BlackElo "2353"]
[PlyCount "91"]
[EventDate "2008.??.??"]
[EventType "corr"]
[SourceDate "2008.05.08"]

1. e4 c5 2. Nf3 Nc6 3. d4 cxd4 4. Nxd4 Nf6 5. Nc3 e5 6. Ndb5 d6 7. Nd5 Nxd5 8.
exd5 Nb8 9. c4 Be7 10. Bd3 a6 11. Nc3 O-O 12. O-O f5 13. a4 Nd7 14. a5 e4 15.
Be2 Bf6 16. Bd2 Be5 17. b4 e3 18. f4 exd2 19. fxe5 Qg5 20. Kh1 Nxe5 21. Ra2 Bd7
22. Qxd2 Qxd2 23. Rxd2 Rac8 24. Rd4 g5 25. Rc1 Kg7 26. Nb1 Rc7 27. Nd2 Rfc8 28.
g4 Ng6 29. Bd3 Nf4 30. gxf5 Kf6 31. Re1 Rd8 32. Bb1 Bxf5 33. Bxf5 Kxf5 34. Ne4
Rg7 35. Ng3+ Kg6 36. h4 h6 37. h5+ Kf6 38. Rde4 Rc7 39. Kg1 Rf8 40. c5 Rd7 41.
cxd6 Rxd6 42. Rxf4+ gxf4 43. Ne4+ Ke5 44. Nxd6+ Kxd6 45. Re6+ Kxd5 46. Rxh6
1/2-1/2

[Event "20MCR_F"]
[Site "?"]
[Date "????.??.??"]
[Round "?"]
[White "Valak, Alois"]
[Black "Alexa, Jaroslav"]
[Result "1-0"]
[WhiteElo "2372"]
[BlackElo "2353"]
[PlyCount "69"]
[EventDate "2008.??.??"]
[EventType "corr"]
[SourceDate "2008.05.08"]

1. e4 c5 2. Nf3 Nc6 3. d4 cxd4 4. Nxd4 Nf6 5. Nc3 e5 6. Ndb5 d6 7. Bg5 a6 8.
Na3 b5 9. Bxf6 gxf6 10. Nd5 f5 11. Bxb5 axb5 12. Nxb5 Ra4 13. Nbc7+ Kd7 14. O-O
Rxe4 15. Qh5 Nd4 16. Rfd1 Kc6 17. Rd3 Ne2+ 18. Kf1 Be6 19. Rad1 Qd7 20. g3 f4
21. Nxe6 Qxe6 22. f3 Rc4 23. Kxe2 Rxc2+ 24. R1d2 Rxd2+ 25. Rxd2 Bh6 26. g4 Kb7
27. Qh4 e4 28. g5 Bg7 29. Qxf4 h6 30. Kd1 Rc8 31. fxe4 hxg5 32. Qf3 Rc5 33. e5
dxe5 34. Qb3+ Kc8 35. Qa4 1-0

[Event "20MCR_F"]
[Site "?"]
[Date "????.??.??"]
[Round "?"]
[White "Boukal, Petr"]
[Black "Hybl, Vladislav"]
[Result "1/2-1/2"]
[WhiteElo "2416"]
[BlackElo "2315"]
[PlyCount "55"]
[EventDate "2008.??.??"]
[EventType "corr"]
[SourceDate "2008.05.08"]

1. e4 c5 2. Nf3 d6 3. c3 Nf6 4. Be2 g6 5. O-O Bg7 6. d3 O-O 7. Na3 Nc6 8. h3 a6
9. Be3 b5 10. Qd2 Re8 11. Nc2 a5 12. Bg5 Qb6 13. Rfe1 b4 14. Ne3 Be6 15. c4 h6
16. Bf4 Nh5 17. Bh2 a4 18. Rad1 a3 19. Nd5 Bxd5 20. cxd5 axb2 21. dxc6 Rxa2 22.
Qe3 Bc3 23. Qxh6 Bxe1 24. Ng5 Bxf2+ 25. Kh1 Nf6 26. e5 dxe5 27. Ne6 fxe6 28.
Qxg6+ 1/2-1/2